| 000 | 00506nam a2200205Ia 4500 | ||
|---|---|---|---|
| 005 | 20240823015431.0 | ||
| 008 | 240823s9999||||xx |||||||||||||| ||und|| | ||
| 020 | _a81-86308-75-X | ||
| 041 | _aENGLISH | ||
| 082 | _A621.385 P0 | ||
| 100 | _aAnantha Chandrahasan | ||
| 245 | 0 | _aLow-Power CMOS Design | |
| 250 | _a1st | ||
| 260 |
_c2000 _b"Standard Pub," _aDelhi |
||
| 500 | _aTRANSFERED | ||
| 650 |
_aDesigning _bElectronics |
||
| 700 | _a" Broderson,Robert Eds." | ||
| 942 | _cBK | ||
| 999 |
_c172411 _d172411 |
||